Statistics for US States Quiz in Alphabetical Order.

Click here to take the quiz!

General Stats

  • This quiz has been taken 105 times
  • The average score is 41 of 50

Answers on the Map

Answers color-coded by a green-red scale on the quiz's map according to % correct below.
 

Answer Stats

State% Correct
Alabama
100%
Alaska
98%
Arkansas
96%
California
94%
Arizona
92%
Connecticut
90%
Colorado
88%
Delaware
88%
Florida
88%
Georgia
88%
Hawaii
85%
Idaho
85%
Illinois
85%
Indiana
85%
Iowa
83%
Kansas
83%
Kentucky
83%
Louisiana
83%
Massachusetts
83%
Wyoming
83%
Maine
81%
Maryland
81%
Michigan
81%
Missouri
81%
Montana
81%
New Jersey
81%
New York
81%
West Virginia
81%
Minnesota
79%
Mississippi
79%
Nebraska
79%
Nevada
79%
New Hampshire
79%
New Mexico
79%
Ohio
79%
Oklahoma
79%
Tennessee
79%
Texas
79%
Vermont
79%
Virginia
79%
Washington
79%
Wisconsin
79%
North Carolina
77%
North Dakota
77%
Oregon
77%
Pennsylvania
77%
Rhode Island
77%
South Carolina
77%
South Dakota
77%
Utah
77%

Score Distribution

Percentile by Number Answered

Percent of People with Each Score

Your Score History

You have not taken this quiz